|
|
|
|
| LEADER |
00000ntmaa2200000 a 4500 |
| 001 |
vtls012065937 |
| 003 |
SK-MaSNL |
| 005 |
20260301055320.0 |
| 008 |
251104i1869 xo || 000 1dslo |
| 035 |
|
|
|a urn:nbn:sk:snk-tm00ggs9
|
| 035 |
|
|
|a urn:nbn:sk:snk-tm3n4yh
|
| 035 |
|
|
|a 5B64091A-EB61-4F73-8E78-9EE072346711
|
| 040 |
|
|
|a SNKLA
|b slo
|c SNKLA
|e AACR2
|
| 041 |
0 |
|
|a slo
|
| 044 |
|
|
|a xo
|c SK
|
| 072 |
|
7 |
|a 324
|x Voľby, volebné kampane, referendá
|2 konspekt
|
| 080 |
|
|
|a 025.171
|2 2011
|
| 080 |
|
|
|a 324:342.849.2
|2 2011
|
| 080 |
|
|
|a 324:329.8
|2 2001
|
| 080 |
|
|
|a (042.5)
|2 2011
|
| 080 |
|
|
|a 323.23
|2 2001
|
| 100 |
1 |
|
|a Závodník, Štefan,
|d 1813-1885
|4 aut
|9 37657
|
| 245 |
1 |
0 |
|a Program Candidata lavej demokraticko-narodnej strani v Považsko-Bistrickom Volebnom okrese
|b Program ; Včas Volby
|c Stefan Závodnik
|
| 260 |
|
|
|a vPružine
|c 1869-1871
|
| 300 |
|
|
|a 11 strán v rôznom stránkovaní
|b rukopis, voľné listy
|c 21-38 cm
|
| 500 |
|
|
|a Obsahuje dva programy (1869, 1871) a príhovor k voličom (1871)
|
| 520 |
2 |
|
|a Programy Š. Závodníka ako kandidáta do Uhorského snemu a príhovor k voličom
|
| 555 |
0 |
|
|a Inventár rukopisov Literárneho archívu Matice slovenskej VI. Archív Slovenského národného múzea. Fondy M 51 - 120. Martin : Matica slovenská 1977
|
| 561 |
|
|
|a Okrúhla pečiatka: Museálna slovenská spoločnosť
|
| 561 |
|
|
|a Okrúhla pečiatka: Archiv Slovenského národného muzea v Turč. Sv. Martine
|
| 561 |
|
|
|a Okrúhla pečiatka: Matica slovenská Martin Archív literatúry a umenia
|
| 610 |
2 |
7 |
|a Uhorský snem
|2 SNKKA
|9 368727
|
| 650 |
0 |
7 |
|a voľby
|2 SNKPH
|9 1580
|
| 650 |
0 |
7 |
|a volebná kampaň
|2 SNKPH
|9 4513
|
| 650 |
0 |
7 |
|a volebné programy
|2 SNKPH
|9 4514
|
| 650 |
0 |
7 |
|a agitácia
|2 SNKPH
|9 28256
|
| 655 |
|
7 |
|a rukopisy
|2 SNKPH
|9 70548
|
| 655 |
|
7 |
|a prejavy
|2 SNKPH
|9 70401
|
| 740 |
0 |
2 |
|a Program
|
| 740 |
0 |
2 |
|a Včas Volby
|
| 852 |
|
|
|a Slovenská národná knižnica
|b Literárny archív
|
| 958 |
|
|
|a MOF
|
| 958 |
|
|
|a LAVD
|
| 999 |
|
|
|c 613059
|d 614989
|
| 952 |
|
|
|a SNKLA
|b SNKLA
|c SNKLA_DEP
|y NEVYP
|7 0
|p 17A1312340
|o snkM 116 E 31
|0 0
|1 0
|4 0
|d 2021-08-18
|f 1
|l 0
|r 2026-02-23 16:29:19
|w 2026-02-23
|